Score 0/30 Timer 02:00
4 Plays Today
Adage Word % Correct
An _____ a day keeps the doctor awayApple
97.4%
The _____ is always greener on the other side of the fenceGrass
92.2%
Blood is _____ than waterThicker
88%
Don't _____ your chickens until they are hatchedCount
88%
Absence makes the _____ grow fonderHeart
88%
Those who live in _____ houses shouldn't throw stonesGlass
87.4%
Never judge a _____ by its coverBook
85.4%
Birds of a _____ flock togetherFeather
84.4%
A penny saved is a penny _____Earned
83.8%
The pen is mightier than the _____Sword
82.9%
If at first you don't _____ try try againSucceed
80.7%
You can't _____ an old dog new tricksTeach
78.4%
What's good for the _____ is good for the ganderGoose
74.2%
All work and no play makes Jack a _____ boyDull
73.7%
There is more than one way to _____ a catSkin
73.6%
Adage Word % Correct
All that _____ is not goldGlitters
72.5%
_____ is a dish best served coldRevenge
71.1%
The squeaky _____ gets the oilWheel
63.7%
A _____ in time saves ninestitch
62.5%
Don't throw the _____ out with the bathwaterBaby
62%
The road to hell is _____ with good intentionsPaved
59.7%
A _____ stone gathers no mossRolling
59.6%
Never look a _____ horse in the mouthGift
59.5%
She can't see the _____ for the treesForest
54.8%
Don't put the cart before the _____Horse
53.9%
Laugh, and the _____ laughs with you; weep and you weep aloneworld
52.5%
Necessity is the _____ of inventionMother
51.3%
You cannot make a silk _____ out of a sow's earPurse
36.7%
Good _____ make good neighborsFences
33%
Fools rush in where _____ fear to treadAngels
28.4%

Today's Daily Dose

Word Ladder
Silence

Get the Picture
Philly Team Facts

You're not logged in!

Compare scores with friends on all Sporcle quizzes.
OR
Log In

Sporcle TV

Today on Sporcle TV


Watch our educational content, quiz creation guides, and fun videos on Sporcle TV.

Show Comments

Extras

Top Quizzes Today


Score Distribution

Your Account Isn't Verified!

In order to create a playlist on Sporcle, you need to verify the email address you used during registration. Go to your Sporcle Settings to finish the process.

Report this User

Report this user for behavior that violates our Community Guidelines.

Details: